000
00267nmm a2200085Ia 4500
008
220120s9999||||xx |||||||||||||||||und||
100
_a
DIGIT 2010
245
0
_a
Digit 9th aniversery Package,free game digit cover in motion
260
_a
Nine dot nine interactive ltd.
_c
2010
999
_c
139491
_d
139491